000 00316nam a2200121 a 4500
005 20140414131928.0
008 101027s19uu xx 00 eng d
050 _aER
_bR22 1990
100 _aTeitelbaum, Michael
245 _aThe rescuers down under.
260 _aNew York :
_bGolden Book,
_c1990.
999 _c112141
_d112141